| 000 | 00859nam a2200277 i 4500 | ||
|---|---|---|---|
| 001 | bg | ||
| 100 | 1 | _aCZERWIŃSKI, Krzysztof | |
| 245 | 1 | 0 |
_aAudyt wewnętrzny / _cKrzysztof Czerwiński. |
| 250 | _aWyd. 2 rozsz. | ||
| 260 |
_aWarszawa : _b"InfoAudit", _c2005. |
||
| 300 |
_a520 s. : _b1 wykr. ; _c25 cm + _eCD ROM. |
||
| 490 | 1 |
_aBiblioteka Audytora ; _v1 |
|
| 504 | _aBibliogr. | ||
| 650 | 9 |
_aPrzedsiębiorstwo _xkontrola |
|
| 650 | 9 |
_aOrganizacje _xkontrola |
|
| 650 | 9 |
_aSystemy informatyczne _xkontrola |
|
| 830 | _aBiblioteka Audytora ; | ||
| 020 | _a8392050746 | ||
| 040 | _cBPK | ||
| 041 | 0 | _apol | |
| 080 | _a658.1/.5.008.6:351.82:351.9:004.05 | ||
| 920 | _a83-920507-4-6 | ||
| 942 | _cKS | ||
| 008 | s pl f |000 0 pol | ||
| 999 |
_c45971 _d45971 |
||
| 856 |
_uhttp://koha.tu.koszalin.pl/cgi-bin/koha/opac-detail.pl?biblionumber=45971 _yKatalog online BPK |
||